|
|
|
|
| LEADER |
00000nam a2200000 a 4500 |
| 001 |
vtls009186191 |
| 003 |
SK-MaSNL |
| 005 |
20260301081507.0 |
| 008 |
160610s2007 xo l f 100 0 slo |
| 015 |
|
|
|a SNBA2008/07-03526
|
| 020 |
|
|
|a 9788089055739 (brož.)
|
| 035 |
|
|
|a 3B5CC7EE-A993-4444-A72E-BB9BB772AB69
|
| 035 |
|
|
|a urn:nbn:sk:snk-amkvee
|
| 035 |
|
|
|a urn:nbn:sk:snk-am003x27
|
| 040 |
|
|
|a SNK
|b slo
|c SNK
|e AACR2
|
| 041 |
0 |
|
|a slo
|
| 044 |
|
|
|a xo
|c SK
|
| 072 |
|
7 |
|a 502
|x Životné prostredie a jeho ochrana
|2 konspekt
|
| 080 |
|
|
|a 502.131.1
|2 2001
|
| 080 |
|
|
|a 502:37.03
|2 2001
|
| 080 |
|
|
|a (062.534)
|2 2001
|
| 245 |
0 |
0 |
|a Inovatívne prístupy k problematike environmentálnej výchovy
|c Danica Fazekašová, Peter Manko (ed.)
|
| 250 |
|
|
|a 1. vyd.
|
| 260 |
|
|
|a Prešov
|b Rokus
|c 2007
|
| 300 |
|
|
|a 159 s.
|b sch., tab.
|c 21 cm
|e 1 CD-ROM
|
| 366 |
|
|
|e 500 výt.
|
| 504 |
|
|
|a Bibliogr. odkazy
|
| 536 |
|
|
|a ITMS kód projektu: 11230220344, reg. číslo: SOP ĽZ 2005/1-190
|
| 650 |
0 |
7 |
|a trvalo udržateľný rozvoj
|2 SNKPH
|9 3353
|
| 650 |
0 |
7 |
|a environmentálna výchova a vzdelávanie
|2 SNKPH
|9 67556
|
| 655 |
|
7 |
|a zborníky konferencií
|2 SNKPH
|9 70153
|
| 700 |
1 |
|
|a Fazekašová, Danica,
|d 1955-
|4 edt
|9 191248
|
| 700 |
1 |
|
|a Manko, Milan
|4 edt
|9 404860
|
| 710 |
2 |
|
|a Európsky sociálny fond
|4 pbl
|9 318080
|
| 710 |
2 |
|
|a Agentúra regionálneho rozvoja (Prešov, Slovensko)
|4 pbl
|9 404861
|
| 919 |
|
|
|a 978-80-89055-73-9
|
| 958 |
|
|
|a OND
|
| 958 |
|
|
|a NB
|
| 968 |
|
|
|d 50
|
| 999 |
|
|
|c 656017
|d 657947
|
| 952 |
|
|
|a SNK
|b SNK
|y PREZ
|7 0
|p 17A0580630
|o snkSC 130990
|i snk2008/4606
|8 0
|3 Príloha: 1 CD-ROM
|0 0
|1 0
|4 0
|d 2008-02-25
|f 1
|l 0
|r 2025-06-19 00:00:00
|w 2026-02-23
|
| 952 |
|
|
|a SNK
|b SNK
|y PREZ
|7 0
|p 17A0580633
|o snkSC 130990/príl.
|i snk2008/4606
|8 0
|3 Príloha: 1 CD-ROM
|z Príloha
|0 0
|1 0
|4 0
|d 2008-02-25
|l 0
|r 2025-06-19 00:00:00
|w 2026-02-23
|
| 952 |
|
|
|a SNK
|b SNK
|y VYP
|7 0
|p 17A0580632
|o snkSC 130990 D1
|i snk2008/4607
|8 0
|3 Príloha: 1 CD-ROM
|0 0
|1 0
|4 0
|d 2008-02-25
|l 0
|r 2026-02-23 18:36:41
|w 2026-02-23
|
| 952 |
|
|
|a SNK
|b SNK
|y PREZ
|7 0
|p 17A0580635
|o snkSC 130990/príl. D1
|i snk2008/4607
|8 0
|3 Príloha: 1 CD-ROM
|z Príloha
|0 0
|1 0
|4 0
|d 2008-02-25
|l 0
|r 2026-02-23 18:36:41
|w 2026-02-23
|